000 01598nam a22004097a 4500
003 CHAP
005 20220329143244.0
008 071003s2007 mx r 00010 spa d
010 _a94030
011 _a95002
035 _a105605
040 _cCHAP
090 _aTesis
100 0 0 _aMartínez Soriano, Laura.
_972542
245 1 0 _aCaracterización del virus mosaico estriado de la cebada (Barley stripe mosaic virus, bsmv) en cebada Hordeum vulgare L. variedad Apizaco
_c/por Laura Martínez Soriano
260 _aChapingo, Méx. :
_bEl autor,
_c2007
300 _a52 h. :
_bilus. ; cuadros ; mapas
502 _aTesis (M.C. en Protección Vegetal) - - UACH. Departamento de Parasitología Agrícola
530 _aTambién disponible en línea
590 _aALEPH
_b10
_c20130110
_lUCH01
_h1519
590 _aBATCH-UPD
_b10
_c20130110
_lUCH01
_h0257
590 _aBATCH-UPD
_b10
_c20130110
_lUCH01
_h1855
590 _aBATCH-UPD
_b10
_c20130409
_lUCH01
_h2329
590 _aBATCH-UPD
_b10
_c20130914
_lUCH01
_h0904
590 _aBATCH-UPD
_b10
_c20140324
_lUCH01
_h1504
590 _aBATCH-UPD
_b10
_c20141002
_lUCH01
_h0834
590 _aCONVERSION
_b10
_c20130109
_lUCH01
_h1352
650 1 4 _aCebada
_xEnfermedades.
_920674
650 1 4 _aCebada
_xPlagas.
_920703
650 1 4 _aVirus del mosaico de la cebada.
_9119954
856 _3Finding aid
_uhttp://10.13.5.2/tesis/105605.pdf
_zTeclea aqui
901 _aBK
905 _aElisama A. H.
942 _cFOLL
949 _aTesis
_bBC
_cTES
_d33724002040421
_eTS1
_h46887
_i105605
_sb
949 _aTesis
_bBC
_cTES
_d33724002040462
_eTS2
_fc.2
_h46888
_i105605
_sb
999 _c94030
_d94030